Die Länder Südamerikas nach Fläche - Statistiken

Allgemein
  • Dieses Quiz wurde 235 mal gespielt
  • Das Durchschnittsergebnis liegt bei 11 aus 12
Antwortstatistiken
Platz Fläche Land % Korrekt
2. 2.780.400 km² Argentinien
100%
1. 8.514.215 km² Brasilien
100%
3. 1.285.220 km² Peru
97%
4. 1.138.748 km² Kolumbien
96%
5. 1.098.581 km² Bolivien
95%
7. 755.696 km² Chile
95%
8. 406.752 km² Paraguay
94%
11. 176.215 km² Uruguay
94%
6. 916.445 km² Venezuela
93%
9. 283.561 km² Ecuador
90%
12. 163.820 km² Suriname
89%
10. 214.970 km² Guyana
88%
Keine übereinstimmenden Quizze gefunden
Verteilung der Resultate
Anzahl Personen mit jedem Resultat
Perzentil nach korrekt beantworteten Fragen
Ihre Resultats-Entwicklung
Sie haben dieses Quiz noch nicht gespielt